Творчество А. С. Пушкина : Развитие художественной системы: книга для учителя

Opis bibliograficzny
1. autor: Мейлах Б. С. Борис Соломонович
Streszczenie:Исключено из фонда НТБ ТПУ
Język:rosyjski
Wydane: Москва, Просвещение, 1984
Format: MixedMaterials Książka
KOHA link:https://koha.lib.tpu.ru/cgi-bin/koha/opac-detail.pl?biblionumber=261150

MARC

LEADER 00000nam0a2200000 4500
001 261150
005 20231031221456.0
035 |a (RuTPU)RU\TPU\book\284124 
090 |a 261150 
100 |a 20140521d1984 m y0rusy50 ca 
101 0 |a rus 
102 |a RU 
105 |a a z 001cy 
200 1 |a Творчество А. С. Пушкина : Развитие художественной системы  |e книга для учителя  |f Б. С. Мейлах 
210 |a Москва  |c Просвещение  |d 1984 
215 |a 160 с.  |c ил. 
333 |a Исключено из фонда НТБ ТПУ 
700 1 |a Мейлах  |b Б. С.  |g Борис Соломонович 
801 1 |a RU  |b 63413507  |c 20140521 
801 2 |a RU  |b 63413507  |c 20220616  |g RCR 
942 |c BK